<?xml version="1.0" encoding="UTF-8"?>
<marc:record xmlns:marc="http://www.loc.gov/MARC21/slim">
   <marc:leader>00000nam a2200000 a 4500</marc:leader>
   <marc:datafield ind1="1" ind2=" " tag="100">
      <marc:subfield code="a">Graf, Oskar Maria</marc:subfield>
      <marc:subfield code="4">aut</marc:subfield>
      <marc:subfield code="e">Verfasser/-in</marc:subfield>
   </marc:datafield>
   <marc:datafield ind1=" " ind2=" " tag="653">
      <marc:subfield code="a">Oskar Maria Graf</marc:subfield>
   </marc:datafield>
   <marc:datafield ind1=" " ind2=" " tag="653">
      <marc:subfield code="a">Der harte Handel</marc:subfield>
   </marc:datafield>
   <marc:datafield ind1=" " ind2=" " tag="653">
      <marc:subfield code="a">Bauernroman</marc:subfield>
   </marc:datafield>
   <marc:datafield ind1=" " ind2=" " tag="653">
      <marc:subfield code="a">Softcover / Belletristik/Erzählende Literatur</marc:subfield>
   </marc:datafield>
   <marc:datafield ind1=" " ind2=" " tag="653">
      <marc:subfield code="a">Erzählende Literatur</marc:subfield>
   </marc:datafield>
   <marc:datafield ind1="0" ind2="0" tag="245">
      <marc:subfield code="a">Der harte Handel</marc:subfield>
   </marc:datafield>
   <marc:datafield ind1="0" ind2="0" tag="245">
      <marc:subfield code="b">ein bayerischer Roman ; Text der Erstausgabe von 1935 ; mit Oskar Maria Grafs "Der gute Handel" und einer Einführung zum Roman im Anhang</marc:subfield>
   </marc:datafield>
   <marc:datafield ind1="0" ind2="0" tag="245">
      <marc:subfield code="c">Oskar Maria Graf. Nachw. von Ulrich Dittmann</marc:subfield>
   </marc:datafield>
   <marc:datafield ind1=" " ind2="1" tag="264">
      <marc:subfield code="a">München</marc:subfield>
      <marc:subfield code="b">Allitera-Verl.</marc:subfield>
      <marc:subfield code="c">2012</marc:subfield>
   </marc:datafield>
   <marc:datafield ind1="1" ind2=" " tag="520">
      <marc:subfield code="a">Angaben aus der Verlagsmeldung

Der harte Handel : Roman / von Oskar Maria Graf

Josef Lederer, der Bauer vom Amrainerhof, kämpft nach der Inflation der Zwanzigerjahre um den elterlichen Hof. Der Hof müsste dringend renoviert werden, es fehlt am Nötigsten. So verfällt der Amrainer-Sepp auf eine fatale Idee: er lässt den uralten Hof abbrennen und baut mit dem Geld der Versicherung einen neuen. Der Betrug wird aufgedeckt. In den langen Jahren danach verfolgt der schlitzohrige Jungbauer, geduldig und schlau taktierend, verbissenen und misstrauisch ein einziges Ziel. Er will den Hof behalten, ohne der Versicherung etwas zurückzahlen zu müssen. Dabei lässt er sich weder durch eine Gefängnisstrafe noch durch familiären Streit von seinem Weg abbringen. Graf schrieb diesen Roman nach einem wahren Kriminalfall.
</marc:subfield>
   </marc:datafield>
   <marc:datafield ind1=" " ind2=" " tag="020">
      <marc:subfield code="a">9783869060125</marc:subfield>
      <marc:subfield code="9">9783869060125</marc:subfield>
   </marc:datafield>
   <marc:datafield ind1=" " ind2=" " tag="041">
      <marc:subfield code="a">ger</marc:subfield>
   </marc:datafield>
   <marc:datafield ind1=" " ind2=" " tag="300">
      <marc:subfield code="a">128 S.</marc:subfield>
   </marc:datafield>
</marc:record>
